000 01421nam a2200397 i 4500
999 _c2762
_d2762
001 ocn370361993
003 OCoLC
005 20230819145856.0
008 180711s2008 enkab e 000 1 eng d
020 _a9780194790703
040 _aCNNOR
_beng
_cCNNOR
_dBTCTA
_dYDXCP
_dUWW
_dJTH
_dOCLCQ
_dOCLCA
_dCaOL
_dKH8
_erda
082 _a823.5 DEF
100 1 _a Defoe, Daniel,
_eauthor.
245 1 4 _aRobinson Crusoe /
_cDaniel Defoe.
250 _aSimplified edition.
264 1 _a Oxford, [England] :
_bOxford University Press,
_c[2008]
264 4 _c©2008.
300 _a56 pages :
_billustrations, maps ;
_c20 cm.
336 _atext
_btxt
_2rdacontent.
337 _aunmediated
_bn
_2rdamedia.
338 _avolume
_bnc
_2rdacarrier.
490 1 _aOxford bookworms library. Stage 2, Classics.
500 _aIncluded in the reader: story and activities.
650 0 _aReading comprehension
_vProblems, exercises, etc.
650 0 _aHigh interest-low vocabulary books.
650 0 _aReaders (Adult)
650 0 _aReaders for new literates.
650 0 _aHigh interest-low vocabulary books.
650 0 _aReading comprehension
_vProblems, exercises, etc.
650 0 _aCrusoe, Robinson (Fictitious character)
_vFiction.
650 0 _aShipwreck survival
_vFiction.
650 0 _aCastaways
_vFiction.
650 0 _aIslands
_vFiction.
830 0 _aOxford bookworms library.
_pClassics.
_nStage 2.
942 _2ddc
_cTR